North Carolina cities with over 100,000 people - Statistics

General Stats
  • This quiz has been taken 54 times
  • The average score is 8 of 10
Answer Stats
Population City % Correct
885,663 Charlotte
100%
472,540 Raleigh
100%
287,794 Durham
95%
299,175 Greensboro
93%
252,274 Winston-Salem
85%
209,182 Fayetteville
80%
120,695 Wilmington
80%
180,227 Cary
71%
114,475 High Point
61%
111,659 Concord
51%
No matching quizzes found
Score Distribution
Percent of People with Each Score
Percentile by Number Answered
Your Score History
You have not taken this quiz